Представление документа в формате RUSMARC

ПолеНазваниеЗначение
  Тип записи a
  Библиографический уровень a
001 Контрольный номер RU/CBS_Ul/BASE/499448929
005 Дата корректировки 20240209175106.2
100 Данные общей обработки __
a Данные общей обработки 20151029d2015 ||| 0rusy0189 ca
101 Язык документа 0_
a Язык текста rus
102 Страна публикации __
a Страна публикации RU
105 Кодированные данные (монография) __
a Кодированные данные (монография) y###||||000|y
200 Заглавие и сведения об ответственности 1_
a Заглавие Чемпионат мира по хоккею с мячом 2016 года
b Общее обозначение материала Текст
300 Общие примечания __
a Общие примечания Ограничения по возрасту - 16+
461 Уровень набора _0
1 2000
a Деловое обозрение
463 Уровень физической единицы _0
1 001RU/CBS_Ul/BASE/499447652
1 2000
a № 10
v С. 20
1 210
d 2015
606 Тематические рубрики 0_
a Основная рубрика Чемпионат мира по хоккею с мячом (36 ; 2016 ; Ульяновск, город)
y Географическая подрубрика Ульяновск, город
z Хронологическая подрубрика 31.01.2016 г.-14.02.2016 г.
610 Ключевые слова 0_
a Ключевые слова спорт
610 Ключевые слова 0_
a Ключевые слова спортивные соревнования
610 Ключевые слова 0_
a Ключевые слова зимние виды спорта
610 Ключевые слова 0_
a Ключевые слова хоккей с мячом
610 Ключевые слова 0_
a Ключевые слова чемпионаты мира
610 Ключевые слова 0_
a Ключевые слова мировые первенства
686 Индексы других классификаций __
a Классификационный индекс 75.579
2 Код системы ББК
801 Источник записи _0
a Страна RU
b Организация МБУК ЦБС г. Ульяновска
c Дата составления 20151029
g Правила каталогизации RCR
801 Источник записи _1
a Страна RU
b Организация МБУК ЦБС г. Ульяновска
c Дата составления 20151029
g Правила каталогизации RCR
901 Тип документа __
t Тип документа b
w Контрольный № источника RU/CBS_Ul/BASE/499447652
910 Корректоры записи __
a Корректор записи Сидоркина
938 Служебная информация __
a Имя БД kraeved